Loading...
| Fine Arts - Other Fine Arts | 0 | 3 | 0 | 0 | 30 | 93 | 96.00 | 1 | 2 |
| History - European History | 0 | 2 | 0 | 0 | 20 | 87 | 96.00 | 0 | 1 |
| History - Other History | 0 | 2 | 0 | 0 | 20 | 115 | 118.00 | 0 | 0 |
| History - World History | 0 | 1 | 0 | 0 | 10 | 98 | 98.00 | 0 | 1 |
| History - American History | 0 | 1 | 0 | 0 | 10 | 93 | 93.00 | 0 | 1 |
| Science - Chemistry | 0 | 1 | 0 | 0 | 10 | 107 | 107.00 | 0 | 0 |
| Literature - American Literature | 0 | 1 | 0 | 0 | 10 | 130 | 130.00 | 0 | 0 |
| Fine Arts - Auditory Fine Arts | 0 | 0 | 0 | 0 | 0 | 0.00 | 0 | 0 | |
| Fine Arts - Visual Fine Arts | 0 | 0 | 0 | 0 | 0 | 0.00 | 0 | 0 | |
| Literature - British Literature | 0 | 0 | 1 | 0 | -5 | 0.00 | 0 | 0 | |
| Social Science | 0 | 0 | 1 | 0 | -5 | 0.00 | 0 | 0 |